[Event "St Petersburg Amir Cup Blitz"]
[Site "St Petersburg"]
[Date "2021.05.23"]
[Round "10"]
[White "Kuznetsov, Felix"]
[Black "Putrenko, Kirill"]
[Result "1/2-1/2"]
[WhiteElo "2255"]
[BlackElo "2132"]
[PlyCount "94"]
[EventDate "2021.05.23"]
[EventType "swiss (blitz)"]
[EventRounds "11"]
[EventCountry "RUS"]
[SourceTitle "CBM 202 Extra"]
[Source "ChessBase"]
[SourceDate "2021.07.31"]
[SourceVersion "1"]
[SourceVersionDate "2021.07.31"]
[SourceQuality "1"]

1. e4 c5 2. Nf3 d6 3. d4 cxd4 4. Nxd4 Nf6 5. Nc3 a6 6. Be3 e6 7. g4 e5 8. Nf5 g6 9. g5 gxf5 10. exf5 d5 11. gxf6 d4 12. Bc4 Bxf5 13. Qh5 Qxf6 14. Nd5 Qg6 15. Qh4 Bxc2 16. Bxd4 exd4 17. Qxd4 Nc6 18. Qe3+ Kd7 19. Nb6+ Kd8 20. Nxa8 Bd6 21. Kd2 Re8 22. Qb6+ Kc8 23. Rae1 Bf4+ 24. Kc3 Be4 25. Kb3 Qf6 26. Rxe4 Rxe4 27. Rd1 Nd4+ 28. Ka4 Qxb6 29. Nxb6+ Kb8 30. Bd5 Re7 31. Rxd4 Bc7 32. Nc4 b5+ 33. Kb3 bxc4+ 34. Kxc4 Bxh2 35. Rh4 Be5 36. Rxh7 Bxb2 37. Bxf7 Ka7 38. Bg6 Rxh7 39. Bxh7 Kb6 40. f4 Kc7 41. Kd5 Kd7 42. a4 a5 43. Bd3 Ke7 44. Ke4 Kf6 45. Kd5 Bc3 46. Kd6 Bd2 47. f5 Bc3 1/2-1/2

[Event "St Petersburg Amir Cup Blitz"]
[Site "St Petersburg"]
[Date "2021.05.23"]
[Round "6"]
[White "Pershin, Denis"]
[Black "Putrenko, Kirill"]
[Result "1-0"]
[WhiteElo "2391"]
[BlackElo "2132"]
[PlyCount "149"]
[EventDate "2021.05.23"]
[EventType "swiss (blitz)"]
[EventRounds "11"]
[EventCountry "RUS"]
[SourceTitle "CBM 202 Extra"]
[Source "ChessBase"]
[SourceDate "2021.07.31"]
[SourceVersion "1"]
[SourceVersionDate "2021.07.31"]
[SourceQuality "1"]

1. d4 f5 2. c4 Nf6 3. Nc3 d6 4. Nf3 g6 5. g3 Bg7 6. Bg2 0-0 7. 0-0 c6 8. Rb1 a5 9. d5 Qe8 10. Nd4 Bd7 11. a3 Na6 12. dxc6 bxc6 13. b4 axb4 14. axb4 Rc8 15. b5 cxb5 16. cxb5 Rxc3 17. bxa6 Ne4 18. Bb2 Ba4 19. Qe1 Bxd4 20. Bxe4 fxe4 21. Bxc3 Bc5 22. Qd2 Qf7 23. Bd4 Qc4 24. Bxc5 dxc5 25. Rfc1 Qxa6 26. Rxc5 Be8 27. Qd5+ Bf7 28. Qxe4 Qa7 29. Rbc1 Re8 30. Rc8 Qa3 31. Rxe8+ Bxe8 32. Qe6+ Kf8 33. Rc8 Qa1+ 34. Kg2 Qa4 35. Rc4 Qa8+ 36. f3 Qa7 37. Rf4+ Kg7 38. Qe5+ Kg8 39. Qd5+ Kg7 40. Qd4+ Qxd4 41. Rxd4 Kf6 42. e4 Bf7 43. Ra4 Kg7 44. f4 h5 45. Ra7 Kf8 46. Kf2 Be6 47. Ke3 Kf7 48. Kd4 Kf6 49. Ra6 Kf7 50. Ke5 Bd7 51. h4 Bb5 52. Rb6 Bd3 53. f5 gxf5 54. exf5 Be2 55. Kf4 Bd1 56. Kg5 Kg7 57. Rb7 Kf8 58. f6 exf6+ 59. Kxf6 Kg8 60. Kg6 Kf8 61. Rb8+ Ke7 62. Kg5 Kf7 63. Rh8 Kg7 64. Rxh5 Bc2 65. Rh6 Bd3 66. Rd6 Bc4 67. g4 Be2 68. Rd7+ Kf8 69. h5 Bb5 70. Rc7 Kg8 71. Kf6 Bd3 72. g5 Kh8 73. Rc8+ Kh7 74. g6+ Kh6 75. Rh8# 1-0

[Event "St Petersburg Amir Cup Blitz"]
[Site "St Petersburg"]
[Date "2021.05.23"]
[Round "11"]
[White "Sek, Konstantin"]
[Black "Putrenko, Kirill"]
[Result "0-1"]
[WhiteElo "2432"]
[BlackElo "2132"]
[PlyCount "86"]
[EventDate "2021.05.23"]
[EventType "swiss (blitz)"]
[EventRounds "11"]
[EventCountry "RUS"]
[SourceTitle "CBM 202 Extra"]
[Source "ChessBase"]
[SourceDate "2021.07.31"]
[SourceVersion "1"]
[SourceVersionDate "2021.07.31"]
[SourceQuality "1"]

1. e4 c5 2. Nf3 d6 3. d4 cxd4 4. Nxd4 Nf6 5. f3 e5 6. Nb3 d5 7. Bg5 Be6 8. Bxf6 gxf6 9. exd5 Bxd5 10. Nc3 Bb4 11. Qd3 Bc6 12. Qxd8+ Kxd8 13. 0-0-0+ Nd7 14. Nd5 Bxd5 15. Rxd5 Kc7 16. Bd3 Nb6 17. Rb5 Be7 18. c3 a6 19. Ra5 h5 20. Nc5 Rad8 21. Be4 Nc4 22. Ra4 b5 23. Nxa6+ Kb6 24. Rxc4 bxc4 25. Nb4 Bxb4 26. cxb4 h4 27. a4 Rhg8 28. Rg1 Rd4 29. Kc2 Rgd8 30. Kc3 Rd2 31. Kxc4 Rxb2 32. Kc3 Ra2 33. a5+ Ka7 34. Kb3 Rdd2 35. Rc1 Rdb2+ 36. Kc3 Rxg2 37. Rd1 Rxh2 38. Rd7+ Kb8 39. Kc4 f5 40. Bxf5 Rhd2 41. Rxf7 Rd4+ 42. Kc5 Ra4 43. b5 Rac4+ 0-1

[Event "St Petersburg Amir Cup Blitz"]
[Site "St Petersburg"]
[Date "2021.05.23"]
[Round "8"]
[White "Shapiro, Viktor"]
[Black "Putrenko, Kirill"]
[Result "0-1"]
[WhiteElo "2249"]
[BlackElo "2132"]
[PlyCount "92"]
[EventDate "2021.05.23"]
[EventType "swiss (blitz)"]
[EventRounds "11"]
[EventCountry "RUS"]
[SourceTitle "CBM 202 Extra"]
[Source "ChessBase"]
[SourceDate "2021.07.31"]
[SourceVersion "1"]
[SourceVersionDate "2021.07.31"]
[SourceQuality "1"]

1. Nf3 Nf6 2. c4 c5 3. Nc3 e6 4. g3 b6 5. Bg2 Bb7 6. 0-0 Be7 7. e3 0-0 8. d4 cxd4 9. exd4 d5 10. Ne5 Na6 11. Bg5 Nc7 12. Rc1 Rb8 13. Qa4 a6 14. Nc6 Bxc6 15. Qxc6 dxc4 16. Qxc4 h6 17. Bf4 Bd6 18. Ne2 Bxf4 19. Nxf4 Nb5 20. Rfd1 g5 21. Ne2 Nd5 22. a4 Nd6 23. Qb3 Nf5 24. Be4 Nfe7 25. Bd3 a5 26. Bc4 Nb4 27. Qf3 Ned5 28. Nc3 Kg7 29. Nxd5 exd5 30. Bb3 Qd6 31. Qf5 Qe6 32. Qf3 Rbc8 33. Rc3 Qd6 34. Rdc1 Rce8 35. Rc7 Re4 36. Rb7 g4 37. Qd1 Qf6 38. Rcc7 Rxd4 39. Qe2 Re4 40. Qd2 Rd4 41. Qc3 Rd3 42. Qxf6+ Kxf6 43. Rxb6+ Kg7 44. Rc3 Rd2 45. Rb5 Rxb2 46. Bxd5 Rd8 0-1

[Event "St Petersburg Amir Cup Rapid"]
[Site "St Petersburg"]
[Date "2021.05.22"]
[Round "3"]
[White "Putrenko, Kirill"]
[Black "Pershin, Denis"]
[Result "1-0"]
[WhiteElo "2132"]
[BlackElo "2391"]
[PlyCount "71"]
[EventDate "2021.05.22"]
[EventType "swiss (rapid)"]
[EventRounds "9"]
[EventCountry "RUS"]
[SourceTitle "CBM 202 Extra"]
[Source "ChessBase"]
[SourceDate "2021.07.31"]
[SourceVersion "1"]
[SourceVersionDate "2021.07.31"]
[SourceQuality "1"]

1. d4 Nf6 2. c4 e6 3. Nf3 d5 4. Nc3 dxc4 5. e4 b5 6. e5 Nd5 7. Nxb5 Nb6 8. Be3 a6 9. Nc3 Nc6 10. a3 Be7 11. Qc2 Na5 12. Rd1 Bb7 13. Be2 0-0 14. h4 h6 15. Rh3 Re8 16. g4 Nd5 17. Ne4 Nxe3 18. fxe3 Qd7 19. g5 Bxe4 20. Qxe4 h5 21. g6 f5 22. exf6 Bxf6 23. Ne5 Qd5 24. Bf3 Qxe4 25. Bxe4 Rab8 26. Rh2 Rb3 27. Bf3 Bxe5 28. dxe5 Rxe3+ 29. Kf2 Rxe5 30. Kg1 Rf8 31. Bg2 Re2 32. Bh3 Rxh2 33. Kxh2 Rf2+ 34. Kg3 Rf8 35. Bxe6+ Kh8 36. Rd5 1-0

[Event "Botvinnik Cup"]
[Site "Moscow"]
[Date "2020.12.21"]
[Round "4.5"]
[White "Predke, Alexandr"]
[Black "Putrenko, Kirill"]
[Result "1/2-1/2"]
[WhiteElo "2690"]
[BlackElo "2114"]
[PlyCount "141"]
[EventDate "2020.12.18"]
[EventType "team-tourn"]
[EventRounds "5"]
[EventCountry "RUS"]
[SourceTitle "CBM 199 Extra"]
[Source "ChessBase"]
[SourceDate "2021.01.31"]
[SourceVersion "1"]
[SourceVersionDate "2021.01.31"]
[SourceQuality "1"]
[WhiteTeam "Ural Chess Academy"]
[BlackTeam "St Petersburg"]
[WhiteTeamCountry "RUS"]
[BlackTeamCountry "RUS"]

1. e4 c5 2. Nf3 d6 3. Bb5+ Nd7 4. c3 Ngf6 5. d3 a6 6. Ba4 b5 7. Bc2 Bb7 8. 0-0 e6 9. Re1 Be7 10. Nbd2 0-0 11. Nf1 Qc7 12. Ng3 Rac8 13. Bf4 Rfe8 14. Re2 Ne5 15. d4 Nxf3+ 16. gxf3 e5 17. Be3 g6 18. a4 h5 19. Rd2 h4 20. Ne2 d5 21. axb5 axb5 22. Ra7 exd4 23. cxd4 dxe4 24. f4 Qb8 25. Ra5 Qc7 26. Rxb5 Ba6 27. Rxc5 Bxc5 28. dxc5 Ng4 29. b4 Rb8 30. Nc3 Nxe3 31. fxe3 Rxb4 32. Nd5 Qxc5 33. Nf6+ Kh8 34. Nxe8 Qxe3+ 35. Kh1 Rd4 36. Rxd4 Be2 37. Rd3 Bf3+ 38. Qxf3 Qe1+ 39. Kg2 exf3+ 40. Rxf3 Qxe8 41. Bd3 Kg7 42. h3 Qe1 43. Bf1 f5 44. Kh2 Qd2+ 45. Bg2 Kf6 46. Kh1 g5 47. fxg5+ Kxg5 48. Kh2 Qe1 49. Bh1 Kf6 50. Bg2 Qe2 51. Kg1 Ke5 52. Kh1 Qe1+ 53. Rf1 Qd2 54. Rf3 f4 55. Kg1 Qd4+ 56. Kh1 Qd6 57. Kg1 Kd4 58. Kh1 Qe5 59. Kg1 Qe1+ 60. Kh2 Qc1 61. Rf1 Qc7 62. Rf3 Ke5 63. Kg1 Qa7+ 64. Kh2 Qa2 65. Kg1 Qe2 66. Kh2 Qe1 67. Rf1 Qg3+ 68. Kh1 Qg6 69. Rf3 Qa6 70. Kg1 Qb6+ 71. Kh2 1/2-1/2